| 000 | 01442nam a22003257a 4500 | ||
|---|---|---|---|
| 003 | EG-ScBUE | ||
| 005 | 20211024142620.0 | ||
| 008 | 211024s2019 ua kbo f b 001 0 ara d | ||
| 017 | _a2019/13497 | ||
| 040 |
_aEG-ScBUE _bara _erda _cEG-ScBUE _dEG-ScBUE |
||
| 043 | _af-ua--- | ||
| 082 | 0 | 4 |
_a916.2 _bو ا ل _222 |
| 100 | 1 |
_aوالي، طارق، _eمؤلف. |
|
| 245 | 1 | 0 |
_aرحلة القاهرة المحروسة من عصر الولاية إلى عصر الاستقلال الوطني / _cطارق والي. |
| 250 | _aالطبعة الأولى. | ||
| 264 | 1 |
_aالقاهرة : _bمركز طارق والي العمارة والتراث، _c2019. |
|
| 300 |
_a4 مجلدات : _bأشكال، خرائط، صور ؛ _c30 سم. |
||
| 336 |
_2rdacontent _aنص _btxt |
||
| 337 |
_2rdamedia _aبدون وسيط _bn |
||
| 338 |
_2rdacarrier _aمجلد _bnc |
||
| 490 | 0 |
_aلطائف العمران في دراسة المكان ؛ _vالكتاب الثاني |
|
| 504 | _aيشتمل على إرجاعات ببليوجرافية وكشافات. | ||
| 505 | 0 | _aالمجلد الأول -- المجلد الثاني -- المجلد الثالث -- المجلد الرابع. | |
| 541 |
_cإهداء ؛ _aطارق والي. |
||
| 651 | 7 |
_aالقاهرة (مصر) _xوصف ورحلات. _2BUEsh |
|
| 651 | 7 |
_aالقاهرة (مصر) _xتاريخ. _2BUEsh |
|
| 653 |
_bGGEN _cOctober2021 |
||
| 655 |
_vReading book _934232 |
||
| 942 | _2ddc | ||
| 999 |
_c29614 _d29585 |
||